000
00166nam a2200073Ia 4500
008
170524s9999 xx 000 0 und d
100
_a
VanAuken- brad
245
0
_a
Branding
260
_b
MUMBAI : JAICO
999
_c
8532
_d
8532